No Vowels - Countries III - Statistics

General Stats
  • This quiz has been taken 30 times
  • The average score is 15 of 15
Answer Stats
Country Answer % Correct
Blrs Belarus
100%
Jrdn Jordan
100%
Lthn Lithuania
100%
Mngl Mongolia
100%
Mntngr Montenegro
100%
Pkstn Pakistan
100%
Sr Lnk Sri Lanka
100%
Syr Syria
100%
Gbn Gabon
96%
Grg Georgia
96%
Kwt Kuwait
96%
Ncrg Nicaragua
96%
Tjkstn Tajikistan
96%
Ml Mali
88%
Gyn Guyana
85%
No matching quizzes found
Score Distribution
Percent of People with Each Score
Percentile by Number Answered
Your Score History
You have not taken this quiz